Kinh tế học chính trị Nhật Bản = The political economy of Japan

Giới thiệu về chính phủ và kinh tế: Tương lai chủa chính sách công nghiệp, tổ chức công nghiệp, đường lối chính sách bảo thủ và sự phát triển của chế độ đa nguyên theo mô thức, chính trị của quản lý kinh tế....

全面介绍

Đã lưu trong:
书目详细资料
格式: 图书
语言:Undetermined
出版: Hà Nội Khoa học xã hội 1992
主题:
标签: 添加标签
没有标签, 成为第一个标记此记录!
Thư viện lưu trữ: Trung tâm Học liệu Trường Đại học Cần Thơ
LEADER 00967nam a2200205Ia 4500
001 CTU_224035
008 210402s9999 xx 000 0 und d
082 |a 338.952 
082 |b K312/Q.1-T.4 
245 0 |a Kinh tế học chính trị Nhật Bản = 
245 4 |b The political economy of Japan 
245 0 |c Kozo Yamamura và Yasukichi Yasuba (Chủ biên) 
260 |a Hà Nội 
260 |b Khoa học xã hội 
260 |c 1992 
520 |a Giới thiệu về chính phủ và kinh tế: Tương lai chủa chính sách công nghiệp, tổ chức công nghiệp, đường lối chính sách bảo thủ và sự phát triển của chế độ đa nguyên theo mô thức, chính trị của quản lý kinh tế. 
650 |a Nhật Bản,Japan 
650 |x Chính sách kinh tế,Economic policy 
910 |b dqhieu 
980 |a Trung tâm Học liệu Trường Đại học Cần Thơ